000 02159cam a22002294a 4500
005 20250605164111.0
008 250528s ||||||||||||||||||||||||d
035 _a17892
020 _a9789602189887
040 _aGR-AtMCL
_bgre
_dGR-AtMCL
_eAACR2
245 1 _aΗ Θαυμαστή Εποχή της Νέας Τεχνολογίας / Εργασία, Πρόοδος και Ευημερία στα Χρόνια των Έξυπνων Τεχνολογιών
250 _a
260 _bΚριτική,
_c2016
300 _a432
520 _aΟι συγγραφείς μέσω αυτού του βιβλίου μας οδηγούν σε μια ιλιγγιώδη περιήγηση στον κόσμο της καινοτομίας και των καινοτόμων. Πρόλογος, Οι Μεγάλες Αφηγήσεις, Οι Ικανότητες των Νέων Μηχανών: Η Τεχνολογία Προελαύνει, Ο Νόμος του Moore και το Δεύτερο Μισό της Σκακιέρας, Η Ψηφιοποίηση Σχεδόν των Πάντων, Καινοτομία: Φθίνει ή Ασυνδυάζεται;, Τεχνητή και Ανθρώπινη Νοημοσύνη στην Εποχή της Νέας Τεχνολογίας, Πληροφορική Αφθονία, Πέρα από το ΑΕΠ, Το Άνοιγμα της Ψαλίδας, Οι Μεγάλοι Κερδισμένοι: Οι Σταρ και οι Σουπερστάρ, Οι Επιπτώσεις της Αφθονίας και της Ανισότητας, Μαθαίνοντας να Αγωνιζόμαστε μαζί με τις Μηχανές: Συμβουλές για Άτομα, Προτάσεις Πολιτικής, Μακρόπνοες Προτάσεις, Η Τεχνολογία και το Μέλλον που διαφέρει πολύ από το ''Η Τεχνολογία είναι το Μέλλον'', Ευχαριστίες, Πηγές Σχημάτων.
700 1 _aBrynjolfsson Erik
_94191
700 1 _aMcafee Andrew
_94192
700 1 _aΝαθαναήλ Γιώργος
_94193
942 _cBK
999 _c3291
_d3291